000 00867nmm a2200277 a 4500
001 ocm0001864995
003 TR-IsHL
005 20201028172319.0
008 180520s2016 tu tur
007 cr cn
020 _a9786059322232
035 _a1864995
_b(N$T)
050 0 4 _aBL80
_b.D47 2016
090 0 4 _aBL80
_b.D47 2016
100 1 _aDervişhani, Ömer
245 1 0 _aDinler tarihi
_h[electronic resource] /
_cÖmer Dervişhani
250 _aBirinci basım
260 _aİstanbul :
_bFestival Yayıncılık,
_c2016
300 _a695 p.
650 4 _aFelsefe, Psikoloji ve Din
650 4 _aPhilosophy, Psychology and Religion
650 0 _aDinler
_x Tarih
650 0 _aReligions
_x History
650 7 _aRELIGION / History
_2bisacsh
856 4 0 _uhttp://search.ebscohost.com/login.aspx?direct=true&scope=site&db=e011xww&AN=1864995
999 _c17137
_d17137